Statistics for Most Well-Known Canadian Cities

Click here to take the quiz!

General Stats

  • This quiz has been taken 87 times
  • The average score is 13 of 20

Answer Stats

HintAnswer% Correct
99%Toronto
99%
85%Edmonton
95%
96%Montreal
95%
91%Ottawa
94%
98%Vancouver
94%
87%Calgary
92%
85%Quebec City
83%
76%Winnipeg
80%
65%Halifax
73%
56%Saskatoon
67%
56%Regina
63%
55%Saint John
60%
51%Hamilton
58%
61%Victoria
58%
45%London
53%
39%Windsor
47%
37%Thunder Bay
30%
43%Niagara
29%
28%Kitchener
24%
28%Kingston
16%

Score Distribution

Percentile by Number Answered

Percent of People with Each Score

Your Score History

You have not taken this quiz